Normal view
MARC view
- DE-MECH-31
Entry Topical Term
001 - CONTROL NUMBER
- control field: 71981
003 - CONTROL NUMBER IDENTIFIER
- control field: NUST
005 - DATE AND TIME OF LATEST TRANSACTION
- control field: 20210628204725.0
008 - FIXED-LENGTH DATA ELEMENTS
- fixed length control field: 210628|| aca||aabn | a|a d
040 ## - CATALOGING SOURCE
- Original cataloging agency: NUST
- Transcribing agency: NUST
150 ## - HEADING--TOPICAL TERM
- Topical term or geographic name entry element: DE-MECH-31
670 ## - SOURCE DATA FOUND
- Source citation: Work cat.: (NUST): DANISH,KAMRAN,ZAIN 71980, PR-SOF-1254-DEVELOPMENT OF A RECUPERATING HEAT EXCHANGER FOR ITTEHAD STEEL MILLS, 2013
